[Event "Outaouais op"]
[Site "Gatineau CAN"]
[Date "1993.10.23"]
[Round "2"]
[White "Lacombe, Simon"]
[Black "Schleifer, Michael"]
[Result "1/2-1/2"]
[WhiteElo "1840"]
[BlackElo "2314"]
[PlyCount "80"]
[EventDate "1993.10.22"]
[EventType "swiss"]
[EventRounds "5"]
[EventCountry "CAN"]

1. e4 e5 2. Nf3 Nc6 3. d4 exd4 4. Bc4 Nf6 5. O-O Be7 6. e5 Ne4 7. Bd5 Nc5 8.
Re1 Ne6 9. c3 dxc3 10. Nxc3 O-O 11. Qa4 Nb4 12. Bxe6 fxe6 13. Re4 Nd3 14. Be3
Nc5 15. Bxc5 Bxc5 16. Rd1 d5 17. Rh4 Be7 18. Rh3 Qe8 19. Qb3 c6 20. Rd4 Qg6 21.
Qd1 c5 22. Rg3 Qxg3 23. hxg3 cxd4 24. Nxd4 Bd7 25. a3 Bc5 26. b4 Bb6 27. a4
Rac8 28. Qd2 a5 29. Ncb5 Bxb5 30. axb5 Rc4 31. Nxe6 Rxf2 32. Qxd5 Rd2+ 33. Nd4+
Kh8 34. Kh2 Rcxd4 35. Qxb7 Bd8 36. bxa5 h5 37. e6 Re2 38. Qf7 Rdd2 39. Qxh5+
Kg8 40. Qf7+ Kh7 1/2-1/2

[Event "Outaouais op"]
[Site "Gatineau CAN"]
[Date "1993.10.23"]
[Round "3"]
[White "Schleifer, Michael"]
[Black "Groleau, Gilles"]
[Result "1-0"]
[WhiteElo "2314"]
[BlackElo "2239"]
[PlyCount "65"]
[EventDate "1993.10.22"]
[EventType "swiss"]
[EventRounds "5"]
[EventCountry "CAN"]

1. d4 Nf6 2. c4 e6 3. Nf3 b6 4. Nc3 Bb7 5. a3 d5 6. Bg5 Be7 7. Bxf6 Bxf6 8.
cxd5 exd5 9. e3 O-O 10. Be2 g6 11. O-O Bg7 12. Qd2 Nd7 13. b4 c6 14. Rac1 b5
15. e4 a6 16. exd5 cxd5 17. a4 bxa4 18. Nxa4 a5 19. b5 Nb6 20. Nc5 Bc8 21. Ne5
Bxe5 22. dxe5 Re8 23. f4 Qe7 24. Bf3 Be6 25. Nxe6 fxe6 26. Rc6 Nc4 27. Qd4 Rad8
28. Bg4 Qd7 29. Rd1 Re7 30. Qc5 a4 31. b6 Rde8 32. Rc7 Qd8 33. Qxc4 1-0

[Event "Outaouais op"]
[Site "Gatineau CAN"]
[Date "1993.10.24"]
[Round "4"]
[White "O'Donnell, Tom"]
[Black "Schleifer, Michael"]
[Result "1-0"]
[WhiteElo "2396"]
[BlackElo "2314"]
[PlyCount "74"]
[EventDate "1993.10.22"]
[EventType "swiss"]
[EventRounds "5"]
[EventCountry "CAN"]

1. e4 e5 2. Nf3 Nc6 3. Bb5 Nf6 4. O-O Be7 5. Nc3 d6 6. d4 exd4 7. Nxd4 Bd7 8.
Re1 a6 9. Bxc6 bxc6 10. Bf4 O-O 11. e5 Ne8 12. Bg3 c5 13. Nf3 Be6 14. Nd5 Rb8
15. b3 Qd7 16. Nxe7+ Qxe7 17. exd6 cxd6 18. Qd3 Rb6 19. Rad1 h6 20. Nd2 Rb7 21.
a4 Ra7 22. Nc4 d5 23. Ne3 d4 24. Nc4 Qd7 25. c3 dxc3 26. Qxc3 Qc6 27. h3 Nf6
28. Be5 Nd5 29. Qg3 f6 30. Bd6 Re8 31. Qf3 Nb4 32. Qxc6 Nxc6 33. Bxc5 Raa8 34.
Nd6 Re7 35. Re3 Bd7 36. Rxe7 Nxe7 37. Nc4 Rc8 1-0

[Event "Outaouais op"]
[Site "Gatineau CAN"]
[Date "1993.10.24"]
[Round "5"]
[White "Schleifer, Michael"]
[Black "Yip, Michael"]
[Result "1-0"]
[WhiteElo "2314"]
[BlackElo "1965"]
[PlyCount "93"]
[EventDate "1993.10.22"]
[EventType "swiss"]
[EventRounds "5"]
[EventCountry "CAN"]

1. d4 Nf6 2. c4 e6 3. Nf3 b6 4. Nc3 Bb4 5. Bg5 h6 6. Bxf6 Qxf6 7. Rc1 Bb7 8. a3
Bxc3+ 9. Rxc3 Nc6 10. e3 d6 11. Be2 O-O 12. O-O e5 13. d5 Ne7 14. b4 g6 15. e4
a5 16. c5 axb4 17. axb4 bxc5 18. bxc5 Ba6 19. Bxa6 Rxa6 20. cxd6 cxd6 21. Rc7
Rfa8 22. Qc1 Kg7 23. h4 Ra4 24. Re1 Ra2 25. Rf1 R8a4 26. Rc2 R2a3 27. Re1 Rxf3
28. gxf3 Qxf3 29. Rc3 Qg4+ 30. Rg3 Qxh4 31. Qc7 Qf6 32. Qc2 Rd4 33. Kg2 h5 34.
Qc1 Qf4 35. Qxf4 exf4 36. Rb3 Kf6 37. Rb6 Ke5 38. Rb7 Kf6 39. Rd7 g5 40. Rxd6+
Ke5 41. Rd7 Ng6 42. Rxf7 Nh4+ 43. Kf1 Rd2 44. Re7+ Kf6 45. Re6+ Kf7 46. Ra1 f3
47. Kg1 1-0

[Event "Quebec-ch amateur"]
[Site "Montreal CAN"]
[Date "1993.10.08"]
[Round "1"]
[White "Schleifer, Michael"]
[Black "Delisle, Claude"]
[Result "1-0"]
[WhiteElo "2314"]
[BlackElo "2042"]
[PlyCount "96"]
[EventDate "1993.10.08"]
[EventType "swiss"]
[EventRounds "5"]
[EventCountry "CAN"]

1. d4 Nf6 2. c4 g6 3. Nc3 Bg7 4. e4 d6 5. Be2 O-O 6. Nf3 e5 7. O-O Nc6 8. d5
Ne7 9. Ne1 Nd7 10. Nd3 f5 11. Bd2 Nf6 12. f3 c6 13. b4 b5 14. dxc6 bxc4 15. Nb2
Nxc6 16. Nxc4 Be6 17. Bg5 Nd4 18. Bd3 Rc8 19. Nd5 Bxd5 20. exd5 e4 21. fxe4
fxe4 22. Be2 Nxe2+ 23. Qxe2 Qd7 24. Ne3 Nh5 25. Rad1 h6 26. g4 Ng3 27. hxg3
hxg5 28. Rxf8+ Rxf8 29. Nf1 Qe7 30. Kg2 Rc8 31. Re1 Bd4 32. Qxe4 Qxe4+ 33. Rxe4
Rc2+ 34. Kh1 Bb6 35. a4 Rf2 36. Nh2 Rd2 37. Nf3 Rxd5 38. a5 Bc7 39. Rc4 Bxa5
40. bxa5 Rxa5 41. Rc7 d5 42. Kg2 Ra2+ 43. Kf1 Ra1+ 44. Kg2 Ra2+ 45. Kh3 a5 46.
Rd7 a4 47. Rxd5 a3 48. Ra5 Ra1 1-0

[Event "Quebec-ch amateur"]
[Site "Montreal CAN"]
[Date "1993.10.09"]
[Round "2"]
[White "Picard, Jean"]
[Black "Schleifer, Michael"]
[Result "0-1"]
[WhiteElo "1999"]
[BlackElo "2314"]
[PlyCount "85"]
[EventDate "1993.10.08"]
[EventType "swiss"]
[EventRounds "5"]
[EventCountry "CAN"]

1. e4 c5 2. d4 cxd4 3. c3 dxc3 4. Bc4 e6 5. Nxc3 d6 6. Nf3 Nc6 7. O-O Nf6 8.
Qe2 Be7 9. Rd1 Qc7 10. Bf4 Ne5 11. Bb5+ Kf8 12. Rac1 Nxf3+ 13. gxf3 e5 14. Nd5
Nxd5 15. Rxc7 Nxc7 16. Be3 Ne6 17. Qd2 h6 18. f4 exf4 19. Bxf4 Ng5 20. Bxg5
hxg5 21. Qd5 Rh6 22. Rc1 Re6 23. Qc4 Bd8 24. Qd3 Bb6 25. e5 dxe5 26. Qh7 Rh6
27. Qe4 Rf6 28. Qxe5 Be6 29. Rc2 Rd8 30. Re2 Rf5 31. Qe4 Rf4 32. Qh7 Rd1+ 33.
Kg2 Rdd4 34. Qh8+ Ke7 35. Qxg7 Rg4+ 36. Kf3 Rh4 37. Rc2 Rdf4+ 38. Ke2 Rxf2+ 39.
Kd3 Bf5+ 40. Kc3 Bd4+ 41. Qxd4 Rxc2+ 42. Kb3 Rxd4 43. a3 0-1

[Event "Quebec-ch amateur"]
[Site "Montreal CAN"]
[Date "1993.10.10"]
[Round "4"]
[White "Teuton, Frank"]
[Black "Schleifer, Michael"]
[Result "1-0"]
[WhiteElo "2073"]
[BlackElo "2314"]
[PlyCount "121"]
[EventDate "1993.10.08"]
[EventType "swiss"]
[EventRounds "5"]
[EventCountry "CAN"]

1. e4 e5 2. Nc3 Nc6 3. g3 Nf6 4. Bg2 Bc5 5. Nge2 a6 6. d3 O-O 7. O-O d6 8. h3
Be6 9. Nd5 Bxd5 10. exd5 Ne7 11. d4 exd4 12. Nxd4 Re8 13. c4 Ng6 14. b3 h5 15.
Bb2 h4 16. Kh2 Qd7 17. Qc2 Re5 18. Rae1 hxg3+ 19. fxg3 Rh5 20. Rxf6 gxf6 21.
Ne6 Ne5 22. Qe2 Rh6 23. Bc1 Rg6 24. Nf4 Re8 25. Nxg6 fxg6 26. Rf1 Qg7 27. g4
Qe7 28. Qe4 Kg7 29. Qf4 Rh8 30. Be4 Bd4 31. Bxg6 Ba1 32. Bf5 Nd3 33. Qe4 Be5+
34. Kg2 Nxc1 35. Rxc1 Kg8 36. Be6+ Kf8 37. Qg6 Qg7 38. Qxg7+ Kxg7 39. Rh1 Rh4
40. Bc8 b6 41. Bxa6 f5 42. Bc8 fxg4 43. hxg4 Rxh1 44. Kxh1 Kf6 45. Kg2 Bc3 46.
Kf3 Bb4 47. Kf4 Bd2+ 48. Ke4 Bb4 49. Kd3 Kg5 50. Kc2 Kf4 51. Kb2 Kg5 52. a3 Be1
53. b4 Kf6 54. Kb3 Bh4 55. Ka4 Bg5 56. Kb5 Ke7 57. a4 Kd8 58. Be6 Bd2 59. a5
bxa5 60. bxa5 Ke7 61. a6 1-0

[Event "Festival gourmands"]
[Site "Asbestos CAN"]
[Date "1993.08.22"]
[Round "4"]
[White "Bolduc, Steve"]
[Black "Schleifer, Michael"]
[Result "0-1"]
[WhiteElo "2125"]
[BlackElo "2301"]
[PlyCount "56"]
[EventDate "1993.08.20"]
[EventType "swiss"]
[EventRounds "5"]
[EventCountry "CAN"]

1. d4 Nf6 2. Nf3 b6 3. c4 Bb7 4. Nc3 e6 5. a3 d5 6. cxd5 Nxd5 7. Qc2 Be7 8. e3
Nxc3 9. Qxc3 O-O 10. Bd3 Nd7 11. Qc2 g6 12. b4 c5 13. bxc5 bxc5 14. Rb1 Bxf3
15. gxf3 cxd4 16. exd4 Bf6 17. Qd2 Nb6 18. h4 Rc8 19. h5 Bg7 20. hxg6 hxg6 21.
Qf4 Qxd4 22. Be4 Rfd8 23. Bb2 Qd6 24. Qf6 Qd2+ 25. Kf1 Qxb2 26. Qxb2 Bxb2 27.
Rxb2 Rc5 28. f4 Rc4 0-1

[Event "Quebec op"]
[Site "Montreal CAN"]
[Date "1993.07.31"]
[Round "1"]
[White "Schleifer, Michael"]
[Black "Belanger, Jacques"]
[Result "1-0"]
[WhiteElo "2289"]
[BlackElo "1972"]
[PlyCount "93"]
[EventDate "1993.07.31"]
[EventType "swiss"]
[EventRounds "8"]
[EventCountry "CAN"]

1. d4 Nf6 2. c4 g6 3. Nc3 Bg7 4. e4 d6 5. f3 O-O 6. Be3 e5 7. Nge2 Nc6 8. d5
Ne7 9. Qd2 Nd7 10. g4 f5 11. gxf5 gxf5 12. Rg1 f4 13. Bf2 Nb6 14. Nc1 Ng6 15.
b3 Bf6 16. Nd3 Bh4 17. O-O-O Bxf2 18. Qxf2 Qe7 19. h4 Kf7 20. h5 Nh8 21. Qg2
Bd7 22. Qg7+ Ke8 23. c5 Nc8 24. c6 bxc6 25. dxc6 Bxc6 26. Nb4 Bd7 27. Nbd5 Qxg7
28. Rxg7 Kd8 29. Rxh7 c6 30. Nb4 a5 31. Nd3 Nb6 32. Nxe5 dxe5 33. Na4 Kc7 34.
Nxb6 Kxb6 35. Rdxd7 Kc5 36. Kb2 a4 37. Kc3 axb3 38. axb3 Rab8 39. Bc4 Rfd8 40.
Rxd8 Rxd8 41. Rg7 Kd6 42. h6 Rd7 43. Kd2 c5 44. Ke2 Kc7 45. Kf2 Kd6 46. Kg2 Kc7
47. Be6 1-0

[Event "Quebec op"]
[Site "Montreal CAN"]
[Date "1993.08.01"]
[Round "2"]
[White "Cote, Jacques"]
[Black "Schleifer, Michael"]
[Result "0-1"]
[WhiteElo "2009"]
[BlackElo "2289"]
[PlyCount "78"]
[EventDate "1993.07.31"]
[EventType "swiss"]
[EventRounds "8"]
[EventCountry "CAN"]

1. e4 e5 2. Nf3 Nc6 3. Bb5 a6 4. Ba4 Nf6 5. O-O Be7 6. Re1 b5 7. Bb3 d6 8. c3
O-O 9. h3 h6 10. d4 Re8 11. Be3 Bf8 12. Nbd2 Na5 13. Bc2 c5 14. d5 c4 15. Nh2
Nb7 16. a4 Bd7 17. axb5 axb5 18. Rxa8 Qxa8 19. Qa1 Nc5 20. Bxc5 dxc5 21. b3
cxb3 22. Bxb3 c4 23. Bc2 Nh5 24. Ng4 Bd6 25. Nf3 Qc8 26. Nfh2 Nf4 27. Qb1 Qa6
28. h4 Qa3 29. g3 Ng6 30. h5 Nf8 31. Re3 Nh7 32. Kg2 Bc5 33. Re2 Qxc3 34. f4
exf4 35. gxf4 Nf6 36. Nxf6+ Qxf6 37. Qf1 Ra8 38. Qf3 Ra3 39. e5 Qh4 0-1

[Event "Quebec op"]
[Site "Montreal CAN"]
[Date "1993.08.02"]
[Round "3"]
[White "Livshits, Ron"]
[Black "Schleifer, Michael"]
[Result "1/2-1/2"]
[WhiteElo "2369"]
[BlackElo "2289"]
[PlyCount "61"]
[EventDate "1993.07.31"]
[EventType "swiss"]
[EventRounds "8"]
[EventCountry "CAN"]

1. d4 Nf6 2. c4 e6 3. Nc3 d5 4. cxd5 exd5 5. Bg5 Be7 6. e3 O-O 7. Bd3 c6 8. Qc2
Nbd7 9. Nge2 Re8 10. f3 Nf8 11. Bh4 Ng6 12. Bf2 c5 13. O-O a6 14. b3 cxd4 15.
Nxd4 Bd6 16. Nce2 Bd7 17. Bf5 Qb8 18. Bxd7 Nxd7 19. Kh1 Ne7 20. Rfd1 Ne5 21.
Nf5 N5c6 22. Nxe7+ Nxe7 23. Qd3 Qa7 24. Rac1 Rad8 25. Nd4 Qb8 26. Rc2 Bc5 27.
Rcd2 Rd6 28. h3 Bxd4 29. Qxd4 Re6 30. Rd3 h6 31. Qg4 1/2-1/2

[Event "Quebec op"]
[Site "Montreal CAN"]
[Date "1993.08.03"]
[Round "4"]
[White "Schleifer, Michael"]
[Black "Angers, Gilles"]
[Result "1-0"]
[WhiteElo "2289"]
[BlackElo "1925"]
[PlyCount "153"]
[EventDate "1993.07.31"]
[EventType "swiss"]
[EventRounds "8"]
[EventCountry "CAN"]

1. d4 Nf6 2. c4 c5 3. d5 b5 4. Nd2 bxc4 5. e4 d6 6. Bxc4 g6 7. Ngf3 Bg7 8. O-O
O-O 9. Re1 Nbd7 10. h3 Nb6 11. Bf1 a5 12. Nc4 Nxc4 13. Bxc4 Ba6 14. Bxa6 Rxa6
15. Bd2 Nd7 16. Qc2 Qc7 17. Bc3 Bxc3 18. Qxc3 Qb7 19. Nd2 Qb4 20. Qc2 Rb8 21.
Rab1 Qd4 22. Re3 a4 23. Rc3 Qf6 24. Rf1 Nb6 25. f4 Qd4+ 26. Kh1 Rf8 27. Nf3 Qg7
28. Rd1 Nd7 29. Qe2 Rb6 30. e5 Rfb8 31. Rd2 Rb4 32. e6 Nf6 33. exf7+ Qxf7 34.
Ng5 Qf8 35. Ne6 Qf7 36. Re3 R4b7 37. Kh2 Nh5 38. Re4 Ng7 39. Rxa4 Nxe6 40. dxe6
Qf6 41. b3 Rb4 42. Rxb4 Rxb4 43. g3 Qf5 44. Rxd6 Re4 45. Rd8+ Kg7 46. Qb2+ Kh6
47. Qd2 Kg7 48. Rd5 Qxe6 49. Qb2+ Kf7 50. Rd2 Re1 51. Rg2 Qe3 52. Qf2 Qc1 53.
Rg1 Rxg1 54. Qxg1 Qc3 55. Qg2 Kf6 56. Qe2 Qa5 57. Qb2+ Kf7 58. h4 h5 59. Qc2
Kf6 60. Kg2 Qa8+ 61. Kf2 Qa5 62. Ke2 e6 63. a4 Kf7 64. Qd3 Qb6 65. Kd2 Qc6 66.
Qc3 Qd5+ 67. Kc2 Qc6 68. Kb2 Qd5 69. a5 Qd6 70. Kc2 Qc6 71. Qd3 Kf6 72. a6 Qb6
73. Kb2 Qc6 74. Qd8+ Kf7 75. a7 Qg2+ 76. Ka3 Qg1 77. Qc7+ 1-0

[Event "Quebec op"]
[Site "Montreal CAN"]
[Date "1993.08.04"]
[Round "5"]
[White "Schleifer, Michael"]
[Black "Barbeau, Sylvain"]
[Result "1/2-1/2"]
[WhiteElo "2289"]
[BlackElo "2347"]
[PlyCount "88"]
[EventDate "1993.07.31"]
[EventType "swiss"]
[EventRounds "8"]
[EventCountry "CAN"]

1. e4 c5 2. f4 Nc6 3. Nc3 g6 4. Nf3 Bg7 5. Bc4 e6 6. O-O Nge7 7. Qe1 O-O 8. d3
d5 9. Bb3 Nd4 10. Nxd4 cxd4 11. Ne2 dxe4 12. dxe4 b6 13. Bc4 Bb7 14. Bd3 f5 15.
Ng3 fxe4 16. Nxe4 Bd5 17. Bd2 Nf5 18. Qe2 a5 19. Ng5 Qd6 20. Ne4 Qc7 21. c4
dxc3 22. Nxc3 Nd4 23. Qe1 Bc4 24. Bxc4 Qxc4 25. Qe4 Rad8 26. Rae1 a4 27. a3 b5
28. Bc1 b4 29. Nb1 b3 30. Nc3 Qa6 31. Rd1 Rd6 32. Kh1 Rfd8 33. Rg1 Qa5 34. Rgf1
Qa8 35. Qxa8 Rxa8 36. g4 Rad8 37. Nxa4 Ne2 38. Rxd6 Rxd6 39. Re1 Rc6 40. Bd2
Rc4 41. Rxe2 Rxa4 42. Bb4 Ra6 43. Re3 Bxb2 44. Rxb3 Bc1 1/2-1/2

[Event "Quebec op"]
[Site "Montreal CAN"]
[Date "1993.08.05"]
[Round "6"]
[White "Ross, Dave"]
[Black "Schleifer, Michael"]
[Result "1/2-1/2"]
[WhiteElo "2344"]
[BlackElo "2289"]
[PlyCount "51"]
[EventDate "1993.07.31"]
[EventType "swiss"]
[EventRounds "8"]
[EventCountry "CAN"]

1. d4 Nf6 2. Nf3 e6 3. c4 c5 4. e3 d5 5. Nc3 dxc4 6. Bxc4 Be7 7. O-O O-O 8. Qe2
cxd4 9. exd4 Nc6 10. Rd1 Nb4 11. Ne5 a6 12. Bb3 Nbd5 13. Rd3 Qd6 14. Rh3 b5 15.
Bg5 g6 16. Qd2 h5 17. Rg3 Nxc3 18. bxc3 Ne4 19. Bxe7 Qxe7 20. Nxg6 fxg6 21.
Rxg6+ Kf7 22. Qh6 Ke8 23. Re1 Nf6 24. f4 a5 25. f5 Ra6 26. Rg7 1/2-1/2

[Event "Quebec op"]
[Site "Montreal CAN"]
[Date "1993.08.06"]
[Round "7"]
[White "Schleifer, Michael"]
[Black "Leveille, Francois"]
[Result "0-1"]
[WhiteElo "2289"]
[BlackElo "2333"]
[PlyCount "108"]
[EventDate "1993.07.31"]
[EventType "swiss"]
[EventRounds "8"]
[EventCountry "CAN"]

1. e4 Nf6 2. e5 Nd5 3. c4 Nb6 4. c5 Nd5 5. Nc3 e6 6. d4 d6 7. cxd6 cxd6 8. Nf3
Be7 9. Bd3 Nc6 10. Nxd5 exd5 11. h3 dxe5 12. dxe5 Be6 13. O-O Bc5 14. a3 Qd7
15. Bf4 h6 16. Bh2 a6 17. b4 Bb6 18. Kh1 Rc8 19. Rc1 O-O 20. Bb1 Ne7 21. Qd2
Bf5 22. Ba2 Rxc1 23. Rxc1 Rc8 24. Rxc8+ Qxc8 25. Ne1 Qc6 26. Bg3 d4 27. Kg1 g5
28. Bb3 Kg7 29. h4 Qc3 30. Qxc3 dxc3 31. hxg5 hxg5 32. Kf1 Nc6 33. Bc2 Kg6 34.
Ke2 Nd4+ 35. Kd1 Bxc2+ 36. Nxc2 Nf5 37. Ne1 Nxg3 38. fxg3 Kf5 39. Kc2 Bf2 40.
Nd3 Bxg3 41. Kxc3 Bxe5+ 42. Kd2 Bd4 43. Ke2 g4 44. a4 Ke4 45. Nc1 Bb6 46. Nb3
f6 47. Nc1 Kd4 48. Kd2 Kc4 49. Nd3 Bd4 50. Kc2 Be3 51. a5 g3 52. Nb2+ Kxb4 53.
Kd3 Bf4 54. Nc4 Be5 0-1

[Event "Quebec op"]
[Site "Montreal CAN"]
[Date "1993.08.07"]
[Round "8"]
[White "Seguin, Rene"]
[Black "Schleifer, Michael"]
[Result "0-1"]
[WhiteElo "2004"]
[BlackElo "2289"]
[PlyCount "80"]
[EventDate "1993.07.31"]
[EventType "swiss"]
[EventRounds "8"]
[EventCountry "CAN"]

1. e4 c5 2. Nf3 d6 3. d4 Nf6 4. Nc3 cxd4 5. Nxd4 a6 6. Bg5 Nc6 7. Qd2 Qb6 8.
Nb3 e6 9. f3 Be7 10. Be3 Qc7 11. a4 b6 12. Qf2 Nd7 13. Bd3 Nc5 14. O-O Nb4 15.
Nxc5 bxc5 16. Rfd1 d5 17. exd5 exd5 18. Na2 Nxd3 19. cxd3 d4 20. Bd2 a5 21.
Rac1 Be6 22. Ra1 O-O 23. Nc1 Rfb8 24. b3 Bxb3 25. Nxb3 Rxb3 26. Re1 Bd6 27. g3
h6 28. Qe2 Qc6 29. Reb1 Rxb1+ 30. Rxb1 Qxa4 31. Qe4 Re8 32. Qd5 Qc2 33. Rb7
Qd1+ 34. Kg2 Qxd2+ 35. Kh3 Re7 36. Rb8+ Bxb8 37. Qd8+ Kh7 38. Qxe7 Qxd3 39.
Qxf7 Qg6 40. Qf8 Bd6 0-1

[Event "Groupe Commerce"]
[Site "Thetford Mines CAN"]
[Date "1993.07.03"]
[Round "3"]
[White "Schleifer, Michael"]
[Black "Beaudry, Marc-Andre"]
[Result "1-0"]
[WhiteElo "2223"]
[BlackElo "2010"]
[PlyCount "76"]
[EventDate "1993.07.02"]
[EventType "swiss"]
[EventRounds "5"]
[EventCountry "CAN"]

1. d4 Nf6 2. c4 g6 3. Nc3 d5 4. Nf3 Bg7 5. Bg5 Ne4 6. Bh4 Nxc3 7. bxc3 c5 8.
cxd5 Qxd5 9. e3 cxd4 10. cxd4 Qa5+ 11. Qd2 Nc6 12. Qxa5 Nxa5 13. Rc1 Bd7 14.
Be2 Bc6 15. O-O Rd8 16. Rc3 f6 17. Rfc1 e6 18. Rc5 Rd5 19. e4 Rxc5 20. Rxc5 b6
21. Rxc6 Nxc6 22. Bb5 Ke7 23. Bxc6 Rc8 24. d5 e5 25. Ne1 g5 26. Bg3 Bf8 27. Nd3
Kd8 28. f3 Bd6 29. Kf1 Kc7 30. Ke2 a6 31. Kd2 Rb8 32. Kc2 b5 33. Bf2 Rg8 34.
Nc5 Bxc5 35. Bxc5 g4 36. Be7 gxf3 37. gxf3 Rg2+ 38. Kd3 Rxa2 1-0

[Event "Quebec-ch"]
[Site "Montreal CAN"]
[Date "1993.05.31"]
[Round "1"]
[White "Levtchouk, George"]
[Black "Schleifer, Michael"]
[Result "1-0"]
[WhiteElo "2320"]
[BlackElo "2273"]
[PlyCount "103"]
[EventDate "1993.05.31"]
[EventType "tourn"]
[EventRounds "9"]
[EventCountry "CAN"]
[Source "ChessBase"]
[SourceDate "1997.11.17"]

1. d4 Nf6 2. c4 d6 3. Nf3 g6 4. Nc3 Bg7 5. e4 O-O 6. Be2 b6 7. O-O Bb7 8. Qc2
c6 9. Re1 Nbd7 10. e5 Ne8 11. Bf4 dxe5 12. dxe5 Nc7 13. Rad1 Ne6 14. Bg3 Qc7
15. Bf1 a5 16. Ne4 Bh6 17. h4 c5 18. Neg5 Bxf3 19. Nxf3 Nb8 20. Qe4 Nc6 21. h5
Rad8 22. Rd5 Qc8 23. Qh4 g5 24. Qe4 Ng7 25. Bd3 Nf5 26. Rxd8 Rxd8 27. Qxf5 Qxf5
28. Bxf5 e6 29. Be4 Nd4 30. Kf1 Nxf3 31. gxf3 Rd2 32. Re2 Rd1+ 33. Kg2 Kg7 34.
Kh3 Rd4 35. b3 a4 36. Kg4 axb3 37. axb3 b5 38. cxb5 Rb4 39. Rc2 Rxb5 40. Rc3
Rb4 41. Kh3 Kg8 42. Kg2 Bf8 43. Bd3 Kg7 44. Bc4 Kh6 45. f4 Kxh5 46. fxg5 Kxg5
47. f4+ Kg6 48. Bh4 Bh6 49. Kf3 Rb7 50. Rc2 Rd7 51. Bf2 Kf5 52. Be3 1-0

[Event "Quebec-ch"]
[Site "Montreal CAN"]
[Date "1993.06.01"]
[Round "2"]
[White "Schleifer, Michael"]
[Black "Barbeau, Sylvain"]
[Result "0-1"]
[WhiteElo "2273"]
[BlackElo "2368"]
[PlyCount "66"]
[EventDate "1993.05.31"]
[EventType "tourn"]
[EventRounds "9"]
[EventCountry "CAN"]
[Source "ChessBase"]
[SourceDate "1997.11.17"]

1. d4 f5 2. c4 Nf6 3. Nc3 g6 4. Nf3 Bg7 5. g3 O-O 6. Bg2 d6 7. O-O Nc6 8. b3 h6
9. Bb2 g5 10. d5 Ne5 11. Nxe5 dxe5 12. c5 e4 13. Ba3 Qe8 14. Rc1 Ng4 15. h3 Ne5
16. d6 c6 17. b4 Be6 18. b5 Bf6 19. Bb4 g4 20. h4 Qh5 21. dxe7 Bxe7 22. Qd4 Bf6
23. Qd6 Rae8 24. bxc6 bxc6 25. Rfd1 Rf7 26. Qd2 Bxh4 27. gxh4 Nf3+ 28. exf3
gxf3 29. Ne2 fxe2 30. Re1 f4 31. Bc3 Bd5 32. Rxe2 f3 33. Kf1 fxg2+ 0-1

[Event "Quebec-ch"]
[Site "Montreal CAN"]
[Date "1993.06.02"]
[Round "3"]
[White "Ross, Dave"]
[Black "Schleifer, Michael"]
[Result "1-0"]
[WhiteElo "2225"]
[BlackElo "2273"]
[PlyCount "99"]
[EventDate "1993.05.31"]
[EventType "tourn"]
[EventRounds "9"]
[EventCountry "CAN"]
[Source "ChessBase"]
[SourceDate "1997.11.17"]

1. d4 Nf6 2. Nf3 b6 3. g3 Bb7 4. Bg2 e6 5. c4 Bb4+ 6. Bd2 Qe7 7. O-O Bxd2 8.
Qxd2 O-O 9. Nc3 Ne4 10. Nxe4 Bxe4 11. Qf4 f5 12. Qxc7 Nc6 13. Qf4 Rac8 14. b3
h6 15. h4 Qa3 16. Rfd1 d6 17. Qc1 Qa6 18. Ne1 Bxg2 19. Nxg2 e5 20. dxe5 dxe5
21. Rd7 Rcd8 22. Rxd8 Rxd8 23. Qe3 Qa3 24. h5 Qb2 25. Re1 Qxa2 26. Nh4 Qa5 27.
Kf1 Nd4 28. Rd1 Re8 29. Nf3 Nxf3 30. Qxf3 e4 31. Qf4 Qc3 32. Qxf5 Rf8 33. Qe6+
Kh8 34. Qe7 Rg8 35. Rd8 Qxb3 36. Rxg8+ Kxg8 37. Qe8+ Kh7 38. Qxe4+ Kg8 39. Qe6+
Kh7 40. Qg6+ Kg8 41. Qe8+ Kh7 42. Qe4+ Kg8 43. Qd5+ Kh7 44. Qd3+ Qxd3 45. exd3
Kg8 46. Ke2 Kf7 47. d4 Ke6 48. Kd3 a6 49. Kc3 b5 50. c5 1-0

[Event "Quebec-ch"]
[Site "Montreal CAN"]
[Date "1993.06.04"]
[Round "5"]
[White "Schleifer, Michael"]
[Black "Berube, Richard"]
[Result "0-1"]
[WhiteElo "2273"]
[BlackElo "2281"]
[PlyCount "126"]
[EventDate "1993.05.31"]
[EventType "tourn"]
[EventRounds "9"]
[EventCountry "CAN"]
[Source "ChessBase"]
[SourceDate "1997.11.17"]

1. d4 Nf6 2. c4 g6 3. Nc3 Bg7 4. g3 d6 5. Nf3 O-O 6. Bg2 Nc6 7. O-O a6 8. h3
Rb8 9. a4 Na5 10. b3 Bd7 11. e4 c5 12. Be3 cxd4 13. Nxd4 Nc6 14. Nde2 a5 15.
Rc1 Nb4 16. Qd2 b6 17. Rfd1 Qc8 18. Nd5 Nfxd5 19. cxd5 Qb7 20. Bg5 Rfe8 21. Nd4
f6 22. Be3 Rbc8 23. Nb5 Na6 24. f4 Rxc1 25. Rxc1 Rc8 26. Rxc8+ Bxc8 27. Bd4 Bd7
28. Qc3 Nc5 29. e5 fxe5 30. fxe5 Bxb5 31. axb5 Qc8 32. Kh2 Bxe5 33. Bxe5 dxe5
34. Qxe5 Qd8 35. d6 e6 36. h4 Kf7 37. h5 Qf6 38. Qe3 gxh5 39. Qe2 Qf5 40. Qd1
Nd7 41. Bh3 Qf2+ 42. Kh1 Qxg3 43. Qxh5+ Kg7 44. Bf1 Nf6 45. d7 Nxd7 46. Qe8
Qh4+ 47. Kg1 Qd4+ 48. Kh1 Qd5+ 49. Kg1 Qd4+ 50. Kh1 Qe4+ 51. Bg2 Qe1+ 52. Kh2
Qh4+ 53. Kg1 Qd4+ 54. Kh1 Qd1+ 55. Kh2 Qd6+ 56. Kh1 Nf6 57. Qc8 Ng4 58. Qc3+
Qe5 59. Qxe5+ Nxe5 60. Kg1 Nd7 61. Bf1 Kf6 62. Kf2 Ke5 63. Ke3 Nf6 0-1

[Event "Quebec-ch"]
[Site "Montreal CAN"]
[Date "1993.06.07"]
[Round "6"]
[White "Bergeron, Pascal"]
[Black "Schleifer, Michael"]
[Result "1-0"]
[WhiteElo "2043"]
[BlackElo "2273"]
[PlyCount "157"]
[EventDate "1993.05.31"]
[EventType "tourn"]
[EventRounds "9"]
[EventCountry "CAN"]
[Source "ChessBase"]
[SourceDate "1997.11.17"]

1. e4 c5 2. Nf3 d6 3. d4 Nf6 4. Nc3 cxd4 5. Nxd4 Nc6 6. Bg5 Qb6 7. Nb3 e6 8.
Be2 a6 9. O-O Be7 10. Bxf6 gxf6 11. Kh1 Bd7 12. f4 h5 13. a4 O-O-O 14. a5 Qc7
15. Qd2 Kb8 16. Na4 Na7 17. Nb6 Bc6 18. Bf3 Nc8 19. Nxc8 Rxc8 20. c4 Bf8 21.
Qe2 Bh6 22. Bxh5 d5 23. cxd5 Bb5 24. Qf3 Bxf1 25. Rxf1 exd5 26. exd5 f5 27. g3
Bg7 28. Rf2 Qd7 29. Qd1 Qb5 30. Bf3 Rcd8 31. Rd2 Rd6 32. Kg1 Re8 33. Kf2 Bf6
34. h4 Qb4 35. Bg2 Bd8 36. Bh3 Bxa5 37. Nxa5 Qxa5 38. Bxf5 Qb6+ 39. Kg2 Qe3 40.
Kh2 Rg8 41. Rg2 Rgd8 42. Rd2 Re8 43. Kh3 Rh8 44. Rd3 Qb6 45. Rd2 Qb4 46. Qe2
Rhd8 47. Qg2 Qc4 48. Be4 Re8 49. Bf3 Re3 50. Qf2 Qb3 51. Bd1 Qb6 52. Bf3 a5 53.
h5 Ka7 54. g4 Kb8 55. g5 Qb3 56. Kg4 Rd8 57. Bd1 f5+ 58. gxf6 Rg3+ 59. Kf5
Rxd5+ 60. Ke4 Rxd2 61. Bxb3 Rxf2 62. f7 Re2+ 63. Kf5 Rxb3 64. f8=Q+ Ka7 65. h6
Rh3 66. Qc5+ Kb8 67. Qd6+ Kc8 68. Kg6 Rg2+ 69. Kh7 Rf3 70. f5 Rgf2 71. Qe6+ Kb8
72. Kg6 Rg2+ 73. Kh7 Rgf2 74. Kg6 Rg2+ 75. Kf7 Rgf2 76. f6 Rc2 77. h7 Rc7+ 78.
Kg6 Rg3+ 79. Kh6 1-0

[Event "Quebec-ch"]
[Site "Montreal CAN"]
[Date "1993.06.08"]
[Round "7"]
[White "Schleifer, Michael"]
[Black "O'Donnell, Tom"]
[Result "1/2-1/2"]
[WhiteElo "2273"]
[BlackElo "2344"]
[PlyCount "48"]
[EventDate "1993.05.31"]
[EventType "tourn"]
[EventRounds "9"]
[EventCountry "CAN"]
[Source "ChessBase"]
[SourceDate "1997.11.17"]

1. e4 c5 2. Nf3 d6 3. d4 cxd4 4. Qxd4 Nc6 5. Bb5 Bd7 6. Bxc6 Bxc6 7. Bg5 Nf6 8.
Nc3 e6 9. O-O Be7 10. Rfe1 O-O 11. Rad1 a6 12. Bh4 Qc7 13. Bg3 Rfd8 14. h3 b5
15. a3 Qb7 16. Qd3 Nd7 17. b3 Rac8 18. Nd4 Qb6 19. Kh1 Bb7 20. f3 Qc5 21. Nb1
Bf8 22. Rc1 g6 23. Qd2 Qh5 24. Ne2 Qc5 1/2-1/2